Panathinaikos Squad - 2025/26 - Statistics

General Stats
  • This quiz has been taken 17 times
    9 since last reset
  • The average score is 27 of 33
Answer Stats
# Position Country Player % Correct
16 CM Slovenia Adam Gnezda Cerin
100%
5 CB Algeria Ahmed Touba
100%
40 GK France Alban Lafont
100%
9 LW Morocco Anass Zaroury
100%
11 AM Greece Anastasios Bakasetas
100%
2 RB Italy Davide Calabria
100%
14 CB United States Erik Palmer-Brown
100%
19 ST Poland Karol Swiderski
100%
6 DM Greece Manolis Siopis
100%
8 CM Portugal Renato Sanches
100%
10 LM Argentina Santino Andino
100%
15 CB Iceland Sverrir Ingi Ingason
100%
7 ST Greece Andreas Tetteh
86%
33 ST Nigeria Cyriel Dessers
86%
3 CB Greece Georgios Katris
86%
77 LB Greece Georgios Kyriakopoulos
86%
26 LB Spain Javi Hernandez
86%
70 GK Greece Konstantinos Kotsaris
86%
72 ST Serbia Milos Pantovic
86%
21 CB Croatia Tin Jedvaj
86%
52 CM Netherlands Tonny Vilhena
86%
20 AM Argentina Vicente Taborda
86%
28 RW Uruguay Facundo Pellistri
71%
31 AM Serbia Filip Djuricic
71%
27 RB Greece Giannis Kotsiras
71%
17 CM France Moussa Sissoko
71%
12 GK Argentina Lucas Chaves
57%
23 RW Greece Pavlos Pantelidis
57%
4 DM Spain Pedro Chirivella
57%
18 CM Greece Sotiris Kontouris
57%
88 AM Croatia Adriano Jagusic
43%
22 RW Greece Georgios Kyriopoulos
29%
39 RW Greece Giannis Bokos
29%
No matching quizzes found
Score Distribution
Percent of People with Each Score
Percentile by Number Answered
Your Score History
You have not taken this quiz since the last reset